<?xml version="1.0" encoding="UTF-8"?>
<record
    xmlns:xsi="http://www.w3.org/2001/XMLSchema-instance"
    xsi:schemaLocation="http://www.loc.gov/MARC21/slim http://www.loc.gov/standards/marcxml/schema/MARC21slim.xsd"
    xmlns="http://www.loc.gov/MARC21/slim">

  <leader>00662nam a22001337a 4500</leader>
  <datafield tag="040" ind1=" " ind2=" ">
    <subfield code="c">RUA</subfield>
  </datafield>
  <datafield tag="082" ind1=" " ind2=" ">
    <subfield code="a">FOR KHO 2015 B544 Or.1</subfield>
  </datafield>
  <datafield tag="100" ind1=" " ind2=" ">
    <subfield code="a">KHOT CHESDA; &#x1783;&#x17BB;&#x178F;&#x200B; &#x1785;&#x17C1;&#x179F;&#x17D2;&#x178F;&#x17B6;</subfield>
  </datafield>
  <datafield tag="245" ind1=" " ind2=" ">
    <subfield code="a">Study on asian wild pig conservation at phnom tamao zoological park and wildlife rescue center; &#x1780;&#x17B6;&#x179A;&#x179F;&#x17B7;&#x1780;&#x17D2;&#x179F;&#x17B6;&#x1796;&#x17B8;&#x1780;&#x17B6;&#x179A;&#x17A2;&#x1797;&#x17B7;&#x179A;&#x1780;&#x17D2;&#x179F;&#x179F;&#x178F;&#x17D2;&#x179C;&#x1796;&#x17D2;&#x179A;&#x17C3;&#x1793;&#x17C5;&#x1780;&#x17D2;&#x1793;&#x17BB;&#x1784;&#x17A7;&#x1791;&#x17D2;&#x1799;&#x17B6;&#x179F;&#x17BD;&#x1793;&#x179F;&#x178F;&#x17D2;&#x179C; &#x1793;&#x17B7;&#x1784;&#x1798;&#x1787;&#x17D2;&#x1788;&#x1798;&#x178E;&#x17D2;&#x178C;&#x179B;&#x179F;&#x1784;&#x17D2;&#x1782;&#x17D2;&#x179A;&#x17C4;&#x17C7;&#x179F;&#x178F;&#x17D2;&#x179C;&#x1796;&#x17D2;&#x179A;&#x17C3; &#x1797;&#x17D2;&#x1793;&#x17C6;&#x1796;&#x17C1;&#x1789;</subfield>
  </datafield>
  <datafield tag="260" ind1=" " ind2=" ">
    <subfield code="a">PHNOM PENH</subfield>
    <subfield code="b">KHO</subfield>
    <subfield code="c">2015</subfield>
  </datafield>
  <datafield tag="300" ind1=" " ind2=" ">
    <subfield code="a">x;38p.</subfield>
    <subfield code="b">ill.</subfield>
    <subfield code="c">29cm.</subfield>
  </datafield>
  <datafield tag="856" ind1=" " ind2=" ">
    <subfield code="u"> KHOT CHESDA</subfield>
  </datafield>
  <datafield tag="942" ind1=" " ind2=" ">
    <subfield code="c">FOR</subfield>
  </datafield>
  <datafield tag="999" ind1=" " ind2=" ">
    <subfield code="c">11025</subfield>
    <subfield code="d">11025</subfield>
  </datafield>
  <datafield tag="952" ind1=" " ind2=" ">
    <subfield code="0">0</subfield>
    <subfield code="1">0</subfield>
    <subfield code="2">ddc</subfield>
    <subfield code="4">0</subfield>
    <subfield code="6">FOR_KHO_2015_000000000000000_B544_OR_1</subfield>
    <subfield code="7">0</subfield>
    <subfield code="9">58336</subfield>
    <subfield code="a">LBB</subfield>
    <subfield code="b">LBB</subfield>
    <subfield code="c">B544</subfield>
    <subfield code="d">2016-11-30</subfield>
    <subfield code="o">FOR KHO 2015 B544 Or.1</subfield>
    <subfield code="p">A05517</subfield>
    <subfield code="r">2016-11-30</subfield>
    <subfield code="w">2016-11-30</subfield>
    <subfield code="y">FOR</subfield>
  </datafield>
  <datafield tag="952" ind1=" " ind2=" ">
    <subfield code="0">0</subfield>
    <subfield code="1">0</subfield>
    <subfield code="2">ddc</subfield>
    <subfield code="4">0</subfield>
    <subfield code="6">FOR_KHO_2015_000000000000000_B544_OR_2</subfield>
    <subfield code="7">0</subfield>
    <subfield code="9">58337</subfield>
    <subfield code="a">LBB</subfield>
    <subfield code="b">LBB</subfield>
    <subfield code="c">B544</subfield>
    <subfield code="d">2016-11-30</subfield>
    <subfield code="o">FOR KHO 2015 B544 Or.2</subfield>
    <subfield code="p">A05620</subfield>
    <subfield code="r">2016-11-30</subfield>
    <subfield code="w">2016-11-30</subfield>
    <subfield code="y">FOR</subfield>
  </datafield>
  <datafield tag="952" ind1=" " ind2=" ">
    <subfield code="0">0</subfield>
    <subfield code="1">0</subfield>
    <subfield code="2">ddc</subfield>
    <subfield code="4">0</subfield>
    <subfield code="6">FOR_KHO_2015_000000000000000_B544_OR_3</subfield>
    <subfield code="7">0</subfield>
    <subfield code="9">58338</subfield>
    <subfield code="a">LBB</subfield>
    <subfield code="b">LBB</subfield>
    <subfield code="c">B544</subfield>
    <subfield code="d">2016-11-30</subfield>
    <subfield code="o">FOR KHO 2015 B544 Or.3</subfield>
    <subfield code="p">A05492</subfield>
    <subfield code="r">2016-11-30</subfield>
    <subfield code="w">2016-11-30</subfield>
    <subfield code="y">FOR</subfield>
  </datafield>
  <datafield tag="952" ind1=" " ind2=" ">
    <subfield code="0">0</subfield>
    <subfield code="1">0</subfield>
    <subfield code="2">ddc</subfield>
    <subfield code="4">0</subfield>
    <subfield code="6">FOR_KHO_2015_000000000000000_B544_OR_4</subfield>
    <subfield code="7">0</subfield>
    <subfield code="9">58339</subfield>
    <subfield code="a">LBB</subfield>
    <subfield code="b">LBB</subfield>
    <subfield code="c">B544</subfield>
    <subfield code="d">2016-11-30</subfield>
    <subfield code="o">FOR KHO 2015 B544 Or.4</subfield>
    <subfield code="p">A05394</subfield>
    <subfield code="r">2016-11-30</subfield>
    <subfield code="w">2016-11-30</subfield>
    <subfield code="y">FOR</subfield>
  </datafield>
  <datafield tag="952" ind1=" " ind2=" ">
    <subfield code="0">0</subfield>
    <subfield code="1">0</subfield>
    <subfield code="2">ddc</subfield>
    <subfield code="4">0</subfield>
    <subfield code="6">FOR_KHO_2015_000000000000000_B544_OR_5</subfield>
    <subfield code="7">0</subfield>
    <subfield code="9">58340</subfield>
    <subfield code="a">LBB</subfield>
    <subfield code="b">LBB</subfield>
    <subfield code="c">B544</subfield>
    <subfield code="d">2016-11-30</subfield>
    <subfield code="o">FOR KHO 2015 B544 Or.5</subfield>
    <subfield code="p">A05613</subfield>
    <subfield code="r">2016-11-30</subfield>
    <subfield code="w">2016-11-30</subfield>
    <subfield code="y">FOR</subfield>
  </datafield>
  <datafield tag="952" ind1=" " ind2=" ">
    <subfield code="0">0</subfield>
    <subfield code="1">0</subfield>
    <subfield code="2">ddc</subfield>
    <subfield code="4">0</subfield>
    <subfield code="6">FOR_KHO_2015_000000000000000_B544_OR_6</subfield>
    <subfield code="7">0</subfield>
    <subfield code="9">58341</subfield>
    <subfield code="a">LBB</subfield>
    <subfield code="b">LBB</subfield>
    <subfield code="c">B544</subfield>
    <subfield code="d">2016-11-30</subfield>
    <subfield code="o">FOR KHO 2015 B544 Or.6</subfield>
    <subfield code="p">A05612</subfield>
    <subfield code="r">2016-11-30</subfield>
    <subfield code="w">2016-11-30</subfield>
    <subfield code="y">FOR</subfield>
  </datafield>
  <datafield tag="952" ind1=" " ind2=" ">
    <subfield code="0">0</subfield>
    <subfield code="1">0</subfield>
    <subfield code="2">ddc</subfield>
    <subfield code="4">0</subfield>
    <subfield code="6">FOR_KHO_2015_000000000000000_B544_OR_7</subfield>
    <subfield code="7">0</subfield>
    <subfield code="9">58342</subfield>
    <subfield code="a">LBB</subfield>
    <subfield code="b">LBB</subfield>
    <subfield code="c">B544</subfield>
    <subfield code="d">2016-11-30</subfield>
    <subfield code="o">FOR KHO 2015 B544 Or.7</subfield>
    <subfield code="p">A05440</subfield>
    <subfield code="r">2016-11-30</subfield>
    <subfield code="w">2016-11-30</subfield>
    <subfield code="y">FOR</subfield>
  </datafield>
  <datafield tag="952" ind1=" " ind2=" ">
    <subfield code="0">0</subfield>
    <subfield code="1">0</subfield>
    <subfield code="2">ddc</subfield>
    <subfield code="4">0</subfield>
    <subfield code="6">FOR_KHO_2015_000000000000000_B544_OR_8</subfield>
    <subfield code="7">0</subfield>
    <subfield code="9">58343</subfield>
    <subfield code="a">LBB</subfield>
    <subfield code="b">LBB</subfield>
    <subfield code="c">B544</subfield>
    <subfield code="d">2016-11-30</subfield>
    <subfield code="o">FOR KHO 2015 B544 Or.8</subfield>
    <subfield code="p">A05623</subfield>
    <subfield code="r">2016-11-30</subfield>
    <subfield code="w">2016-11-30</subfield>
    <subfield code="y">FOR</subfield>
  </datafield>
</record>
